Tres años en los Estados-Unidos : (Record no. 46517)

MARC details
000 -LEADER
campo de control de longitud fija 01013nam a2200241 i 4500
001 - NÚMERO DE CONTROL
campo de control 46517
003 - IDENTIFICADOR DE NÚMERO DE CONTROL
campo de control ES-MaACL
005 - FECHA Y HORA DE LA ÚLTIMA TRANSACCIÓN
campo de control 20250627063628.0
007 - CAMPO FIJO DE DESCRIPCIÓN FÍSICA--INFORMACIÓN GENERAL
campo de control de longitud fija t|
008 - DATOS DE LONGITUD FIJA--INFORMACIÓN GENERAL
campo de control de longitud fija 030331s1858 sp ||||1| spa d
100 1# - ENTRADA PRINCIPAL--NOMBRE DE PERSONA
Nombre de persona Comettant, Oscar,
Fechas asociadas al nombre 1819-1898
9 (RLIN) 40004
245 10 - MENCIÓN DEL TÍTULO
Título Tres años en los Estados-Unidos :
Resto del título estudio de los hábitos y costumbes americanas /
Mención de responsabilidad, etc. por Oscar Comettant ; traducida del francés por los señores Don Santiago Infante de Palacios y D. Federico Utrera.
246 2# - FORMA VARIANTE DEL TITULO
Título propio/Titulo breve Tres años en los Estados Unidos
260 ## - PUBLICACIÓN, DISTRIBUCIÓN, ETC.
Lugar de publicación, distribución, etc. Madrid :
Nombre del editor, distribuidor, etc. J.J.M.,
Fecha de publicación, distribución, etc. 1858 (
Fabricante Imp. y Lit. de D. J.J. Martínez)
300 ## - DESCRIPCIÓN FÍSICA
Extensión VIII, 288 p., [4] h. de lám. ;
Dimensiones 23 cm.
530 ## - NOTA DISPONIBLE DE FORMULARIO FÍSICO ADICIONAL
Nota de formato físico adicional disponible Disponible en formato digital.
651 #4 - PUNTO DE ACCESO ADICIONAL DE MATERIA--NOMBRE GEOGRÁFICO
Nombre geográfico Estados Unidos-
Subdivisión general Usos y costumbres.
9 (RLIN) 173836
700 1# - ENTRADA AGREGADA--NOMBRE PERSONAL
Nombre de persona Infante de Palacios, Santiago.
9 (RLIN) 65259
700 1# - ENTRADA AGREGADA--NOMBRE PERSONAL
Nombre de persona Utrera, Federico.
9 (RLIN) 112330
852 4# - LOCALIZACIÓN
Ubicación ES-MaACL
Número de control de estantería F-1879
856 4# - LOCALIZACIÓN Y ACCESO ELECTRÓNICOS
Identificador Uniforme de Recursos <a href="https://archive.org/details/tresadnosenlos00comerich ">https://archive.org/details/tresadnosenlos00comerich </a>
Nota pública Internet Archive
Holdings
Estatus retirado Estado de pérdida Estado de daño No para préstamo Colección Biblioteca de origen Biblioteca actual Ubicación en estantería Fecha de adquisición Fuente de adquisición Total de préstamos Signatura topográfica completa Código de barras Visto por última vez Precio de reemplazo Tipo de ítem Koha
        Colección digital Biblioteca del Ateneo de Madrid Biblioteca del Ateneo de Madrid Depósito 2 17/01/2008     F-1879 1048921 23/02/2023 23/02/2023 Libro impreso antiguo